000 00247nam a22001097a 4500
041 _aENG
245 _aGuidelines for Land Use Planning ( FAO Development Series-1 )
260 _aRome
_bFAO
_c1993
300 _a96
650 _aFAO
856 _uFAO (01)
999 _c2371
_d2371